Winsome Christianity. (Record no. 12590)

000 -LEADER
fixed length control field 00562nam a2200181 a 4500
001 - CONTROL NUMBER
control field :::00010398$&:&@@
003 - CONTROL NUMBER IDENTIFIER
control field OkBaRHE
005 - DATE AND TIME OF LATEST TRANSACTION
control field 20000607103358.0
008 - FIXED-LENGTH DATA ELEMENTS--GENERAL INFORMATION
fixed length control field s1960 j 000 0 eng u
040 ## - CATALOGING SOURCE
Transcribing agency
100 1# - MAIN ENTRY--PERSONAL NAME
Personal name Durbanville, Henry.
245 10 - TITLE STATEMENT
Title Winsome Christianity.
260 ## - PUBLICATION, DISTRIBUTION, ETC. (IMPRINT)
Place of publication, distribution, etc Edinburgh, UK:ST., :
Name of publisher, distributor, etc B. McCall Barbour
Date of publication, distribution, etc 1960
300 ## - PHYSICAL DESCRIPTION
Extent 57 p. ;
Dimensions 19 cm.
650 ## - SUBJECT ADDED ENTRY--TOPICAL TERM
Topical term or geographic name as entry element Christian Life
General subdivision Addresses, Essays, Lectures
942 ## - ADDED ENTRY ELEMENTS (KOHA)
Source of classification or shelving scheme
Koha item type Books
Copies
Barcode Not for loan Full call number Copy number Permanent Location Damaged status Date acquired Source of classification or shelving scheme Date last seen Shelving location Withdrawn status Price effective from Koha item type Lost status
10398 BV 4501 .D791RHEMA Bible Training College 2010-04-14 2010-04-14General Stacks 2010-04-14Books